| 000 | 00970nas a2200265 454500 | ||
|---|---|---|---|
| 001 | 274 | ||
| 005 | 20260407193503.0 | ||
| 008 | 260407s1975####ag###########|||spa#d | ||
| 003 | AR-UNSa-BCEJYS | ||
| 040 |
_aAR-UNSa-BCEJYS _bspa _cAR-UNSa-BCEJYS |
||
| 080 |
_a65 _xGestión y organización de la industria, el comercio y las comunicaciones |
||
| 245 | 1 | 0 | _aMercado |
| 022 | _a0325-0687 | ||
| 264 | 1 |
_aBuenos Aires : _bCoyuntura _c1975 |
|
| 310 | _aMensual Cambia de Dir. a partir del Nº 654 por Alberto Borrini Cambia de Dir. a partir del Nº 834 por Gerardo López Alonso Cambia de Dir. a partir del Nº 881 por Miguel Angel Diez | ||
| 041 | _aspa | ||
| 942 | _cSER | ||
| 590 | _aniveau_biblio:s niveau_hierar:1 | ||
| 100 | 1 | _aDelgado, Julián | |
| 650 | _aEMPRESAS | ||
| 650 | _aMarketing | ||
| 650 | _aIndustria | ||
| 650 | _aMercado | ||
| 856 | 4 | 1 |
_uhttps://biblioeco.unsa.edu.ar/pmb/images/revistas/Mercado Decelinflarion.jpg _yImagen de portada _qimage/jpeg |
| 999 |
_c8362 _d8362 |
||